000 00520nam a2200217Ia 4500
003 OSt
005 20220928141524.0
006 a|||||r|||| 00| 0
007 ta
008 220927b |||||||| |||| 00| 0 eng d
024 _a15725
037 _cTextual
040 _aSDCL
_cSDCL
_beng
041 _2eng
_aeng
082 _aO13:g, 111K1
100 _aKitto H D F
_9408438
245 0 _aGreek tragedy.
260 _c1961
942 _hO13:g, 111K1
_cTEXL
_2CC
999 _c818115
_d818115